Piłka nożna - Kto wtedy grał? #4 - Statystyki

Ogólne statystyki
  • Ten quiz został rozwiązany 58 razy
  • Średni wynik to 6 z 11
Statystyki odpowiedzi
Hint Odpowiedź % Poprawnych
FC Lewandowski
92%
RW Peszko
71%
GK Kotorowski
69%
DM Murawski
69%
CB Arboleda
65%
LW Stilic
54%
FC Rengifo
48%
DM Injac
35%
RB Wojtkowiak
29%
LB Wilk
17%
CB Tanevski
8%
Nie znaleziono quizów pasujących do podanych kryteriów
Rozkład punktacji
Procent ludzi z każdym wynikiem
Percentyl według liczby udzielonych odpowiedzi
Twoja historia wyników
Nie rozwiązałeś tego quizu